| 000 | 01062nas0a22002171i 4500 | ||
|---|---|---|---|
| 001 | v19\rc\2081984 | ||
| 005 | 20260407022814.0 | ||
| 035 | _a(NLR Aleph) 005152543 | ||
| 090 |
_a4915036 _c4915036 |
||
| 100 | _a20081218d19111914|||y0rusy50 ca | ||
| 101 | 0 | _arus | |
| 102 | _aRU | ||
| 105 | _ay z ||||| | ||
| 200 | 1 |
_aИзвестия Туркестанской сельскохозяйственной опытной станции _eВып. 1-2, 4-7 _fГл. упр. землеустройства и земледелия. Деп. земледелия |
|
| 210 |
_aТашкент _d1911-1914 |
||
| 710 | 0 | 2 |
_aТуркестанская сельскохозяйственная опытная станция _cТашкент _3RU\NLR\AUTH\8810008101 _9513940 |
| 801 | 0 |
_aRU _bNLR _gpsbo |
|
| 801 | 1 |
_aRU _bProSoft-M _2rusmarc |
|
| 830 | _aПеречень имеющихся в библиотеке томов, номеров, годов этого издания смотри в каталоге периодических изданий | ||
| 852 |
_aNLR _j2/758 |
||
| 942 | _cSE | ||